[Event "AUTO-MASTER-3289"]
[Site "http://www.queenalice.com/game.php?id=1869970"]
[Date "2026.2.28"]
[Round "2"]
[White "IranSilva"]
[Black "Guilherme_Ottoni"]
[Result "1-0"]
[WhiteElo "2163"]
[BlackElo "2237"]

1. d4 d5 2. c4 dxc4 3. e4 e5 4. Nf3 exd4 5. Bxc4 Nc6 6. O-O Be6 7. Bxe6 fxe6 8.
Bg5 Qd7 9. Nbd2 h6 10. Bf4 g5 11. Bg3 Bg7 12. Nb3 O-O-O 13. Nc5 Qe7 14. Rc1 e5
15. Qa4 Re8 16. Nxb7 Kxb7 17. Qxc6+ Kc8 18. Rc5 Kd8 19. Rd5+ 1-0

[Event "AUTO-MASTER-3289"]
[Site "http://www.queenalice.com/game.php?id=1869971"]
[Date "2026.2.28"]
[Round "2"]
[White "Guilherme_Ottoni"]
[Black "IranSilva"]
[Result "1-0"]
[WhiteElo "2240"]
[BlackElo "2193"]

1. e4 e5 2. Nf3 Nf6 3. Nxe5 d6 4. Nf3 Nxe4 5. Qe2 Qe7 6. d3 Nf6 7. Nc3 Qxe2+ 8.
Bxe2 Be7 9. Bf4 Be6 10. O-O-O Nc6 11. d4 Nb4 12. a3 Nbd5 13. Nxd5 Nxd5 14. Bg3
O-O 15. c4 Nf6 16. Bd3 h6 17. h3 Rfd8 18. d5 Bd7 19. Rhe1 Re8 20. Nd4 Nh5 21.
Bh2 Bf8 22. g4 Nf6 23. f4 Rxe1 24. Rxe1 a6 25. Bf5 g6 26. Bxd7 Nxd7 27. Kc2 Nf6
28. Kd3 Re8 29. Bg3 Rxe1 30. Bxe1 Nd7 31. Bd2 Nc5+ 32. Ke3 1-0